<?xml version="1.0" encoding="UTF-8"?>
<record
    xmlns:xsi="http://www.w3.org/2001/XMLSchema-instance"
    xsi:schemaLocation="http://www.loc.gov/MARC21/slim http://www.loc.gov/standards/marcxml/schema/MARC21slim.xsd"
    xmlns="http://www.loc.gov/MARC21/slim">

  <leader>00806cam a22002051  4500</leader>
  <controlfield tag="001">000001455</controlfield>
  <controlfield tag="005">20200929145602.0</controlfield>
  <controlfield tag="008">730924s1961    xx d          000 0 eng  </controlfield>
  <datafield tag="040" ind1=" " ind2=" ">
    <subfield code="a">DO-SdBNP</subfield>
    <subfield code="b">spa</subfield>
    <subfield code="c">BNPHU</subfield>
  </datafield>
  <datafield tag="082" ind1=" " ind2=" ">
    <subfield code="a">546.2</subfield>
    <subfield code="b">xxx</subfield>
  </datafield>
  <datafield tag="100" ind1="1" ind2=" ">
    <subfield code="a">Haar, Lester.</subfield>
    <subfield code="9">4825</subfield>
  </datafield>
  <datafield tag="245" ind1="1" ind2="0">
    <subfield code="a">Ideal gas thermodynamic functions and isotope exchange functions for the diatomic hydrides, deuterides, and tritides /</subfield>
    <subfield code="c">[by] Lester Haar, Abraham S. Friedman, and Charles W. Beckett.</subfield>
  </datafield>
  <datafield tag="260" ind1=" " ind2=" ">
    <subfield code="a">Washington, :</subfield>
    <subfield code="b">U.S. Dept. of Commerce, National Bureau of Standards,</subfield>
    <subfield code="c">1961.</subfield>
  </datafield>
  <datafield tag="300" ind1=" " ind2=" ">
    <subfield code="a">viii, 271 p. :</subfield>
    <subfield code="b">(chiefly tables) ;</subfield>
    <subfield code="c">27 cm.</subfield>
  </datafield>
  <datafield tag="440" ind1=" " ind2="0">
    <subfield code="a">National Bureau of Standards monograph 20</subfield>
    <subfield code="9">4826</subfield>
  </datafield>
  <datafield tag="504" ind1=" " ind2=" ">
    <subfield code="a">Bibliograf&#xED;a: p. 6.</subfield>
  </datafield>
  <datafield tag="650" ind1=" " ind2="0">
    <subfield code="a">Hydrides.</subfield>
    <subfield code="9">4827</subfield>
  </datafield>
  <datafield tag="650" ind1=" " ind2="0">
    <subfield code="a">Deuterides.</subfield>
    <subfield code="9">4828</subfield>
  </datafield>
  <datafield tag="650" ind1=" " ind2="0">
    <subfield code="a">Tritides.</subfield>
    <subfield code="9">4829</subfield>
  </datafield>
  <datafield tag="999" ind1=" " ind2=" ">
    <subfield code="c">1366</subfield>
    <subfield code="d">1366</subfield>
  </datafield>
</record>
